000
00303 a2200145 4500
001
168905
020
_a
040
_c
Magnum
100
_a
Tepe, Dom Valfredo
240
1
0
_a
Dialogo e auto-realizacao
_l
por
245
1
0
_a
Dialogo e auto-realizacao
362
0
_a
1899
697
_a
GERAL
942
_c
BK
999
_c
168905
_d
168905